| 000 | 00421nam a2200145Ia 4500 | ||
|---|---|---|---|
| 008 | 221007s9999 xx 000 0 und d | ||
| 041 | _aeng | ||
| 082 | _bVRU | ||
| 100 |
_aVrushali Bhavari - 2k181066 & Dr. Sneha Aarekar - Guide _9105134 |
||
| 245 | _aStudy Of Employee Welfare In Katraj Dairy | ||
| 260 |
_c2019 _bSavitribai Phule Pune University _aPune |
||
| 300 |
_a61p _cHard Bound |
||
| 440 | _v1 | ||
| 906 | _bGeneral | ||
| 999 |
_c80034 _d80034 |
||